A ZF Hungária Kft. vagyoni, pénzügyi és jövedelmezőségi helyzetének vizsgálata
| Szerző: | |
|---|---|
| További közreműködők: | |
| Dokumentumtípus: | Diplomadolgozat |
| Kulcsszavak: | Elemzés Vagyoni, pénzügyi, jövedelmezőségi elemzés Gazdasági társaságok |
| Online Access: | http://dolgozattar.uni-bge.hu/14740 |
MARC
| LEADER | 00000nta a2200000 i 4500 | ||
|---|---|---|---|
| 001 | dolg14740 | ||
| 005 | 20171218153058.0 | ||
| 008 | 171218suuuu hu om 000 hun d | ||
| 040 | |a BGE Dolgozattár Repozitórium |b hun | ||
| 041 | |a hu | ||
| 100 | 1 | |a Jacsmanik Gábor | |
| 245 | 1 | 2 | |a A ZF Hungária Kft. vagyoni, pénzügyi és jövedelmezőségi helyzetének vizsgálata |c Jacsmanik Gábor |h [elektronikus dokumentum] |
| 695 | |a Elemzés | ||
| 695 | |a Vagyoni, pénzügyi, jövedelmezőségi elemzés | ||
| 695 | |a Gazdasági társaságok | ||
| 700 | 1 | |a Kresalek Péter |e ths | |
| 856 | 4 | 0 | |u http://dolgozattar.uni-bge.hu/14740/1/Szakdolgozat_JG.pdf |z Dokumentum-elérés |